[Event "EICC 2021"]
[Site "Reykjavik"]
[Date "2021.08.30"]
[Round "5.38"]
[White "Jones, Gawain C B"]
[Black "Kaasen, Tor Fredrik"]
[Result "1/2-1/2"]
[WhiteElo "2684"]
[BlackElo "2406"]
[Annotator "TA"]
[PlyCount "103"]
[EventDate "2021.08.26"]
[EventType "swiss"]
[EventCountry "ISL"]
[Tiebreak "Cut1 Buchholz"]
[SourceTitle "playchess.com"]
[Source "ChessBase"]
[SourceQuality "1"]

{[%evp 23,103,6,2,0,13,12,10,16,11,11,24,24,24,24,24,13,20,20,21,18,52,0,2,0,0,
0,0,0,0,0,0,0,0,0,0,0,0,0,0,0,0,0,0,0,0,0,0,0,0,0,0,0,0,0,0,0,0,0,0,0,0,0,0,0,
0,0,0,0,-28000,-28000,-28000,-28000,-28000,-28000,-28000,-28000,-28000,-28000,
-28000,-27999,-28000,-28000]} 1. Nf3 d5 2. g3 Nf6 3. Bg2 e6 4. O-O Be7 5. c4
O-O 6. b3 b6 7. Nc3 Bb7 8. d4 Nbd7 9. Bb2 c5 10. cxd5 Nxd5 11. Nxd5 Bxd5 12.
dxc5 Nxc5 13. b4 {E17: Queen's Indian: 4 g3 Bb7 5 Bg2 Be7.} Nd7 {[#]} 14. Nd4
$146 ({Predecessor:} 14. Qa4 Bf6 15. Bxf6 Nxf6 16. Rfd1 Qc7 17. Rac1 Qb7 18.
Ne1 {1/2-1/2 (18) Damschi,G (1775)-Machado,V Florianopolis 2017}) 14... Bxg2 ({
Not} 14... Bxb4 $2 15. Bxd5 exd5 16. Nc6 $18) 15. Kxg2 {The position is equal.}
Rc8 16. Qb3 Bf6 17. Rfd1 Qc7 18. f3 Qc4 {[#]} 19. Rdc1 $1 Qxb3 20. axb3 Rxc1
21. Rxc1 Nb8 22. f4 Na6 23. e3 (23. Ra1 {is more complex.} Nxb4 24. Rxa7 Rc8
25. Ba3 h5 26. Bxb4 Bxd4 27. Rd7) 23... Nxb4 24. Ba3 Bxd4 25. exd4 a5 26. Bxb4
axb4 $11 {[%mdl 4096] Endgame KR-KR} 27. Kf3 Rd8 28. Ke4 h5 29. Rc6 Rb8 30. d5
exd5+ 31. Kxd5 Rd8+ 32. Rd6 Re8 33. Rxb6 Re2 34. Rxb4 Rxh2 35. Rc4 {[#] Hoping
for b4.} (35. Rb8+ {feels hotter.} Kh7 36. Ke4 Rg2 37. Kf3 Rb2 38. b4) 35...
Rh3 36. b4 {aiming for Kc5.} Rxg3 37. b5 Kh7 38. b6 {And now Kc6 would win.}
Rb3 39. Kc6 {Black must now prevent Rc5.} h4 40. b7 h3 41. f5 {Threatens to
win with Rh4+.} g5 42. fxg6+ $1 Kxg6 43. Rg4+ Kh5 (43... Kf6 {with more
complications.} 44. Rf4+ Ke6 45. Re4+ Kf5 46. Rh4 h2) 44. Rg8 (44. Rg3 {
is interesting.} h2 45. Rxb3) 44... Kh4 (44... h2 $5 45. Rh8+ $8 Kg4 $11) 45.
b8=Q $4 {[%mdl 8192]} (45. b8=B $11) 45... Rxb8 46. Rxb8 {KR-KPP. Mate.} h2 47.
Kd6 Kg3 48. Rg8+ Kf2 49. Rh8 Kg2 50. Ke5 h1=Q 51. Rh6 Qh2+ 52. Rxh2+ {[%mdl
32768] Weighted Error Value: White=0.01/Black=0.02. An unexpected result.}
1/2-1/2

[Event "EICC 2021"]
[Site "Reykjavik"]
[Date "2021.08.30"]
[Round "5.39"]
[White "Deac, Bogdan-Daniel"]
[Black "Krastev, Alexander"]
[Result "1-0"]
[WhiteElo "2639"]
[BlackElo "2389"]
[Annotator "TA"]
[PlyCount "95"]
[EventDate "2021.08.26"]
[EventType "swiss"]
[EventCountry "ISL"]
[Tiebreak "Cut1 Buchholz"]
[SourceTitle "playchess.com"]
[Source "ChessBase"]
[SourceQuality "1"]

{[%evp 10,94,39,29,46,34,39,40,60,58,76,41,64,41,61,45,79,98,85,68,73,79,83,67,
70,63,67,38,76,23,54,53,54,53,66,49,59,37,53,29,58,56,0,25,53,49,70,67,50,50,
127,124,161,84,80,88,152,142,93,86,86,86,86,86,139,30,19,8,243,115,127,128,654,
664,664,663,631,610,1619,1618,1548,1522,29988,29989,29989,29990,29999]} 1. e4
c5 2. Nf3 Nf6 3. e5 Nd5 4. Nc3 e6 5. Ne4 f5 6. Nc3 Nxc3 {6...Ne7 is becoming
the main line. B29: Sicilian: 2 Nf3 Nf6 (Nimzowitsch Variation).} 7. dxc3 Nc6
8. Bf4 b6 {White is slightly better.} 9. h4 Bb7 {[#]} 10. Rh3 $146 ({
Predecessor:} 10. h5 Qc7 11. Qe2 Be7 12. O-O-O O-O-O 13. Rh3 Rhg8 14. Qe3 Rdf8
15. Bb5 a6 16. Bxc6 Qxc6 {0-1 (66) Swinkels,R (2501)-Legky,N (2428) France 2010
}) 10... Qc7 11. Qe2 Be7 12. Ng5 g6 13. h5 {And now hxg6 would win.} Rg8 {
Black wants to play ...h6.} 14. hxg6 (14. Nxh7 g5 $11) 14... hxg6 15. O-O-O
O-O-O 16. Qe3 Rg7 17. Be2 Rdg8 18. Rg3 Rh8 19. Nf3 (19. b3 $16) 19... Kb8 20.
Qd2 Kc8 21. b3 Nd8 22. Bh6 Rgg8 23. Bg5 Rh7 24. Bxe7 Rxe7 25. Nh4 $1 {[%cal
Rh4g6]} Reg7 26. f4 g5 27. Rxg5 Rxg5 28. fxg5 Nf7 29. Nf3 Rg7 ({Better is} 
29... Bc6 $14) 30. Bb5 $16 {[%cal Rb5d7]} Bd5 31. Ba6+ (31. Qf4 $18) 31... Kb8
32. Rh1 {[%cal Bd1h1,Bh1h7,Bh7d7][%mdl 32]} Rg8 (32... Bc6 $142) 33. Rh7 Nxe5
34. Nxe5 Qxe5 35. Rxd7 {g3! is the strong threat.} f4 36. Kb2 Rxg5 {[#]} (36...
Qxg5 $142 37. Bc4 f3 38. Qxg5 Rxg5 39. Bxd5 exd5 40. gxf3 Rf5) 37. a4 (37. Rd8+
Kc7 $11) (37. Rb7+ $1 $16 {[%mdl 512]} Ka8 (37... Kc8 38. Rg7+) 38. Rf7) 37...
Rg3 {[#]} (37... Rxg2 $2 {[#]} 38. Rxd5 $1 {[%mdl 512]} Rxd2 39. Rxe5 $18) 38.
Rb7+ $1 Ka8 $2 (38... Kc8 $1 $11 {and Black stays safe.} 39. Rf7+ (39. Rxa7+
Kb8 $11) 39... Kd8) 39. Rf7 (39. Re7 $18 {Threatening mate with Re8+.} Rg8 40.
Bc4) 39... Kb8 40. Rxf4 $40 {[%mdl 128] Black is in trouble.} Rxg2 $2 {[%mdl
8192]} (40... Qe3 $16 41. Qxe3 (41. Rf8+ Kc7 $16) 41... Rxe3) 41. Rf8+ $18 Kc7
42. Rf7+ Kd6 43. Qh6 {White wants to mate with Qf8+.} ({Weaker is} 43. Qd3 Qe4
$16) 43... Qg5 44. Qf8+ Ke5 45. Bd3 {[%cal Rf8b8]} Bc6 46. Qb8+ {White mates.}
Kd5 47. Rf4 {[%csl Gf4][%cal Rd3e4]} Bd7 48. Be4# {Weighted Error Value:
White=0.14/Black=0.50} 1-0

[Event "EICC 2021"]
[Site "Reykjavik"]
[Date "2021.08.30"]
[Round "5.40"]
[White "Kjartansson, David"]
[Black "Bosiocic, Marin"]
[Result "0-1"]
[WhiteElo "2326"]
[BlackElo "2610"]
[Annotator "TA"]
[PlyCount "66"]
[EventDate "2021.08.26"]
[EventType "swiss"]
[EventCountry "ISL"]
[Tiebreak "Cut1 Buchholz"]
[SourceTitle "playchess.com"]
[Source "ChessBase"]
[SourceQuality "1"]

{[%evp 14,66,0,14,34,18,37,27,32,16,39,18,49,48,45,58,54,22,49,21,32,-11,-3,
-16,0,-11,0,0,27,-9,7,15,24,7,29,0,0,0,10,15,22,0,8,0,0,-64,-68,-110,-107,-101,
-126,-372,-343,-512,-511]} 1. d4 Nf6 2. c4 e6 3. Nf3 b6 4. Bf4 Bb7 5. e3 Bb4+
6. Nfd2 O-O 7. a3 Be7 8. Nc3 {[#]} h6 $146 {E12: Queen's Indian: Unusual White
4th moves, 4 a3, 4 Nc3 Bb7 5 a3 and 4 Nc3 Bb7 .} ({Predecessor:} 8... d5 9.
cxd5 Nxd5 10. Nxd5 Bxd5 11. Qc2 Bd6 12. Bg3 Nd7 13. Nc4 Bxg3 14. hxg3 h6 15. e4
Bb7 16. O-O-O a5 {1-0 (52) Duda,J (2729)-Rapport,R (2763) Chess.com INT 2021})
9. Bd3 d6 10. O-O Nbd7 {White has an edge.} 11. h3 Re8 12. Bh2 Bf8 13. b4 a6
14. Be2 Ra7 15. Bf3 Qa8 16. Bxb7 Qxb7 17. Qf3 Qxf3 18. Nxf3 c5 19. Nd2 cxd4 20.
exd4 Rc8 21. Rac1 Rac7 22. Rfe1 g5 23. Kf1 Nh5 24. Ne2 f5 25. g4 Nhf6 26. gxf5
exf5 27. f4 Kf7 28. fxg5 hxg5 29. h4 (29. c5 $11) 29... Ng4 $15 30. Bg1 gxh4
31. Nf3 Bh6 {Hoping for ...h3.} 32. Nxh4 (32. Rcd1 $17 {keeps fighting.}) 32...
Bxc1 $19 33. Nxf5 {[#]} (33. Nxc1 $142 Kf6 34. c5) 33... Rf8 $1 {Weighted
Error Value: White=0.32/Black=0.10} 0-1

[Event "EICC 2021"]
[Site "Reykjavik"]
[Date "2021.08.31"]
[Round "6.1"]
[White "Lagarde, Maxime"]
[Black "Mamedov, Rauf"]
[Result "0-1"]
[WhiteElo "2631"]
[BlackElo "2654"]
[Annotator "TA"]
[PlyCount "96"]
[EventDate "2021.08.26"]
[EventType "swiss"]
[EventCountry "ISL"]
[Tiebreak "Cut1 Buchholz"]
[SourceTitle "playchess.com"]
[Source "ChessBase"]
[SourceQuality "1"]

{[%evp 17,96,9,8,-15,18,0,-6,0,0,-45,-4,-7,0,-10,-12,-85,-81,-77,-82,-109,-126,
-131,-97,-113,-107,-110,-121,-284,-260,-270,-285,-247,-267,-262,-228,-277,-257,
-251,-273,-290,-244,-239,-230,-298,-172,-154,0,-294,-289,-283,-266,-254,-276,
-281,-272,-389,-384,-362,-373,-422,-416,-487,-484,-5620,-2299,-1874,-1913,
-12840,-12840,-12840,-12840,-12842,-12843,-12843,-12843,-12844,-12844,-12845,
-12844,-12845,-12846]} 1. d4 Nf6 2. c4 g6 3. Nc3 Bg7 4. e4 d6 5. Nf3 O-O 6. Be2
e5 7. O-O h6 8. dxe5 dxe5 9. Qxd8 Rxd8 {[#]} 10. Nd5 $146 {E91: King's Indian:
Classical: 6 Be2, unusual replies including 6...c5 and 6...Bg4.} ({Predecessor:
} 10. b3 c6 11. Bb2 Be6 12. Rad1 Nfd7 13. Na4 Na6 14. Bc3 f6 15. Nh4 Bf7 16. b4
Bf8 17. a3 Nc7 {1/2-1/2 (69) Quiroz Astudillo,F (1976)-Valenzuela Bravo,R 
(1991) Santiago de Chile 2009}) 10... Na6 {[%cal Bb8a6,Ba6c5,Bc5a4][%mdl 32]}
11. Nxf6+ Bxf6 12. Bxh6 {The position is equal.} Nc5 13. Ng5 Bg7 14. Bxg7 Kxg7
15. b4 Na4 16. f4 (16. Rfe1 $11) 16... f6 17. Nf3 Nc3 18. Rae1 exf4 19. e5 Bf5
20. exf6+ Kxf6 21. Nh4 Rd2 $36 {[%mdl 2048] White is under strong pressure.} ({
Of course not} 21... Nxa2 $6 22. Rxf4 Re8 23. g4 $11 (23. Nxf5 gxf5 24. b5 Nc3
$11)) 22. Bh5 gxh5 $19 23. Rxf4 {[#]} Ne2+ $1 ({Stronger than} 23... Kg5 24.
Rxf5+ Kxh4 25. Ree5 $11) 24. Rxe2 Rxe2 25. Rxf5+ {[%mdl 4096] Endgame KRR-KRN}
Ke6 26. Rxh5 Rg8 ({Resist} 26... Rxa2 27. Rh6+ Ke5 28. Nf3+ Kf4 29. Rf6+ Ke3
30. h4 $19) 27. a3 Rg4 28. c5 Ra2 29. h3 Rc4 {[%mdl 1024] Black has strong
compensation.} 30. Rh6+ Kd5 (30... Kf7 $142 31. Nf3 Kg7) 31. Rh5+ Ke6 (31...
Kc6 $17 32. Nf3 Re4) 32. Rh6+ Kf7 33. Nf3 Rcc2 34. Ne5+ Ke7 35. Rg6 Rxa3 36. h4
(36. Rg4 {is a better defense.}) 36... a5 37. bxa5 Rxc5 38. Nf3 Raxa5 39. Kf2
b5 {Black is clearly winning.} 40. g4 (40. Rg4 $142 Ra4 41. Rg8) 40... Ra2+ 41.
Kg3 Ra3 42. g5 Rf5 43. Rg7+ Kf8 44. Rxc7 Raxf3+ 45. Kg4 R5f4+ 46. Kh5 Rh3 47.
Kg6 Rfxh4 48. Rf7+ Ke8 {Weighted Error Value: White=0.62/Black=0.11} 0-1

[Event "EICC 2021"]
[Site "Reykjavik"]
[Date "2021.08.31"]
[Round "6.2"]
[White "Gabuzyan, Hovhannes"]
[Black "Nisipeanu, Liviu-Dieter"]
[Result "1/2-1/2"]
[WhiteElo "2587"]
[BlackElo "2671"]
[Annotator "TA"]
[PlyCount "19"]
[EventDate "2021.08.26"]
[EventType "swiss"]
[EventCountry "ISL"]
[Tiebreak "Cut1 Buchholz"]
[SourceTitle "playchess.com"]
[Source "ChessBase"]
[SourceQuality "1"]

{[%evp 9,19,-2,-6,-10,-8,-13,-11,-16,-14,-8,-15,-36]} 1. e4 c5 2. Nc3 e6 3. f4
d5 4. Nf3 Nf6 5. Bb5+ Bd7 {The position is equal.} 6. Qe2 {B23: Closed
Sicilian: Lines without g3.} dxe4 7. Nxe4 Nxe4 8. Bxd7+ Qxd7 9. Qxe4 Nc6 {[#]}
10. f5 $146 {Not much happened in this game.  Weighted Error Value: White=0.03/
Black=0.00} ({Predecessor:} 10. d3 Be7 11. O-O O-O 12. Ne5 Qd4+ 13. Be3 Qxe4
14. dxe4 Nxe5 15. fxe5 {0-1 (53) Johnson,J (2000)-Ginzburg,Y (2497) Chess.com
INT 2019}) 1/2-1/2

[Event "EICC 2021"]
[Site "Reykjavik"]
[Date "2021.08.31"]
[Round "6.3"]
[White "Mamedov, Nidjat"]
[Black "Navara, David"]
[Result "1/2-1/2"]
[WhiteElo "2595"]
[BlackElo "2675"]
[Annotator "TA"]
[PlyCount "90"]
[EventDate "2021.08.26"]
[EventType "swiss"]
[EventCountry "ISL"]
[Tiebreak "Cut1 Buchholz"]
[SourceTitle "playchess.com"]
[Source "ChessBase"]
[SourceQuality "1"]

{[%evp 24,90,35,29,22,22,18,0,16,0,0,0,16,0,0,-71,-85,-78,-62,-62,-28,-67,-26,
-18,0,0,0,0,0,0,0,0,0,0,10,0,0,0,0,0,0,0,0,0,0,0,0,0,0,0,0,0,0,0,0,-8,-8,-8,-8,
-8,-8,-8,-8,-8,-8,-8,-8,-8,-8]} 1. e4 c5 2. Nf3 d6 3. d4 cxd4 4. Nxd4 Nf6 5.
Nc3 a6 6. f3 e5 7. Nb3 Be6 8. Be3 Be7 9. Qd2 O-O 10. O-O-O Nbd7 11. g4 b5 12.
g5 Nh5 13. Nd5 Bxd5 {B90: Sicilian Najdorf: Unusual White 6th moves, 6 Be3 Ng4
and 6 Be3 e5.} 14. exd5 f6 {[%cal Rf6g5] The main line 14...f6 scores better
than 14...f5.} 15. gxf6 Bxf6 16. Na5 Nf4 17. Nc6 Qe8 18. Kb1 Qh5 {[#]} 19. Bd3
$5 $146 {[%mdl 8] An interesting novelty.} (19. Bxf4 $11 {keeps the balance.}
exf4 20. Qxf4) ({Predecessor:} 19. Bxf4 exf4 20. Bd3 Nb6 21. c3 Kh8 22. Be4 Nc4
23. Qe2 Rfe8 24. a4 Ne3 25. Rd2 bxa4 {0-1 (42) Yagupov,I (2357)-Ganguly,S 
(2633) Moscow 2019}) 19... Nxd3 $17 ({Reject} 19... Qxf3 $6 20. Bf5 $14) 20.
Qxd3 Qxf3 21. Qa3 Rf7 22. Bc5 Qxa3 (22... e4 {looks sharper.} 23. Qxf3 exf3 24.
Bxd6 Re8 25. Bg3 g5) 23. Bxa3 Nb6 {The position is equal.} (23... Bh4 {seems
wilder.} 24. Bxd6 Re8 25. c3 Rf2 26. Nb4 Rf6) 24. Bxd6 Rd7 25. Bxe5 Bxe5 26.
Nxe5 Rxd5 27. Rxd5 Nxd5 $11 {[%mdl 4096] Endgame KRN-KRN} 28. Rd1 Rf8 29. a4
Ne3 30. Re1 (30. Rd3 {is more complex.} Rf1+ 31. Ka2 Nxc2 32. Rd8+ Rf8 33.
Rxf8+ Kxf8 34. axb5 axb5 35. Kb3) 30... Rf1 31. Rxf1 Nxf1 32. axb5 axb5 {KN-KN}
33. h3 g5 34. Kc1 h5 35. c4 bxc4 36. Nxc4 g4 37. hxg4 h4 {[#] Hoping for ...h3.
} 38. Ne5 $1 h3 {aiming for ...h2.} 39. Nf3 h2 40. Nxh2 Nxh2 41. b4 Nxg4 {KN-KP
} 42. b5 Ne5 43. b6 Nd7 44. b7 Kf7 45. b8=Q Nxb8 {Weighted Error Value:
White=0.08/Black=0.05} 1/2-1/2

[Event "EICC 2021"]
[Site "Reykjavik"]
[Date "2021.08.31"]
[Round "6.4"]
[White "Sarana, Alexey"]
[Black "Demchenko, Anton"]
[Result "0-1"]
[WhiteElo "2643"]
[BlackElo "2597"]
[Annotator "TA"]
[PlyCount "66"]
[EventDate "2021.08.26"]
[EventType "swiss"]
[EventCountry "ISL"]
[Tiebreak "Cut1 Buchholz"]
[SourceTitle "playchess.com"]
[Source "ChessBase"]
[SourceQuality "1"]

{[%evp 10,65,37,44,34,19,25,29,16,13,24,35,25,20,47,39,58,46,39,41,22,22,85,83,
114,109,124,115,115,109,131,117,117,114,120,91,107,95,88,53,87,85,80,91,91,122,
122,0,59,0,70,40,25,-106,-89,-380,-375,-29999]} 1. d4 d5 2. Nf3 Nf6 3. c4 dxc4
4. e3 Bg4 5. Bxc4 e6 6. Nc3 c5 {D25: Queen's Gambit Accepted: 4 e3: sidelines
and 4...Bg4.} 7. Qa4+ Nbd7 $1 8. Ne5 cxd4 {White has an edge.} 9. exd4 {
Bb5 is the strong threat.} a6 10. Nxg4 Nxg4 11. Be2 $36 {[%mdl 2048] White has
some pressure.} Ngf6 12. Bf3 Qb6 13. O-O Bd6 {[#]} 14. Ne4 $146 ({Predecessor:
} 14. d5 e5 15. Ne4 Nxe4 16. Bxe4 Qb4 17. Qc2 Nf6 18. Bf5 h6 19. Rd1 O-O 20.
Be3 {1/2-1/2 (51) Vocaturo,D (2609)-Mannion,S (2285) Caleta 2018}) 14... Nxe4
15. Bxe4 Qd8 (15... Qc7 $11) 16. Bxb7 $16 Bxh2+ {[%mdl 64] Decoy} 17. Kxh2 Qc7+
{[#]} 18. Bf4 $1 {[%cal Rf4c7][%mdl 512]} Qxb7 19. Bd6 $1 Qd5 20. Ba3 f6 21.
Rac1 {Hoping for Qb4.} Kf7 22. Rc7 Rhd8 23. Rfc1 {Threatens to win with R1c5.}
Kg8 24. Qb4 Nf8 25. Qe7 $1 {[%csl Gc7][%cal Re7g7]} Qh5+ 26. Kg1 {[%csl Gc7]
[%cal Re7g7]} Qg6 27. Ra7 $1 Rac8 {[#]} 28. Rac7 (28. Rxc8 $1 $16 {White wants
to mate with Qxf8+.} Rxc8 29. Bc5) 28... Rb8 ({Better is} 28... Ra8 $11) 29.
Qc5 (29. Rb7 $1 $14) 29... h5 ({Black should try} 29... Qg4 $1 $11) 30. Qc4 Qg4
31. Qxa6 {[#]} (31. Bxf8 $11 Kxf8 32. Qxa6) 31... Ng6 $1 $17 {[%cal Rg6f4]
White must now prevent ...Nf4.} 32. Qd3 $2 {[%mdl 8192]} (32. R1c3 $17 h4 33.
Qf1) 32... Nf4 $19 {[%csl Gf4][%cal Rg4g2][%mdl 64] Double Attack} 33. Qe3 $2 (
33. Qf3 $19 Ne2+ 34. Kf1 Qxf3 35. gxf3 Nxc1 36. Rxc1) 33... Qxg2# {Weighted
Error Value: White=0.61/Black=0.13} 0-1

[Event "EICC 2021"]
[Site "Reykjavik"]
[Date "2021.08.31"]
[Round "6.6"]
[White "Hovhannisyan, Robert"]
[Black "Piorun, Kacper"]
[Result "0-1"]
[WhiteElo "2626"]
[BlackElo "2608"]
[Annotator "TA"]
[PlyCount "146"]
[EventDate "2021.08.26"]
[EventType "swiss"]
[EventCountry "ISL"]
[Tiebreak "Cut1 Buchholz"]
[SourceTitle "playchess.com"]
[Source "ChessBase"]
[SourceQuality "1"]

{[%evp 20,146,-26,-36,-29,-36,-20,-31,-20,-20,0,-12,0,0,0,-56,0,-18,-28,-39,
-39,-39,-50,-46,-39,-39,-46,-75,-75,-78,0,-83,-81,-133,-142,-181,-93,-83,-83,
-85,-93,-85,-84,-70,-70,-68,0,0,0,0,0,0,0,-298,-289,-329,-302,-459,-458,-455,
-383,-462,-426,-442,-435,-445,-421,-404,-289,-333,-332,-336,-336,-359,-336,
-336,-336,-329,-316,-292,-281,-239,-271,-209,-36,-712,-702,-705,-694,-698,-694,
-687,-595,-687,-672,-672,-661,-642,0,-552,-522,-763,-760,-712,-667,-654,-475,
-782,-825,-1072,-1052,-1009,-918,-1098,-1031,-1000,-978,-1302,-756,-4505,-4505,
-3190,-3041,-5165,-8158,-8981,-6061,-29987,-29988]} 1. e4 e6 2. d4 d5 3. Nc3
Nf6 4. Bg5 Bb4 5. e5 h6 6. Bd2 Bxc3 7. bxc3 Ne4 8. Qg4 Kf8 9. Bd3 Nxd2 10. Kxd2
c5 11. Nf3 c4 {C12: French: Classical System: McCutcheon Variation.} 12. Be2
Nc6 (12... b5 {is more complex.} 13. Qf4 a5 14. Rhb1 Bd7 15. h4 Qe7) 13. a4 {
is the legacy move (13.h4).} Bd7 {Black is slightly better.} 14. h4 a6 15. Qf4
b5 16. axb5 axb5 17. g4 (17. Ng5 $11 hxg5 18. hxg5 Rxh1 19. Rxh1) 17... b4 (
17... Ra4 $15) 18. cxb4 Nxb4 {Hoping for ...c3+!} 19. Qe3 Na2 20. Rhb1 $1 Qa5+
21. c3 Ke7 $1 {[#]} 22. g5 $146 ({Predecessor:} 22. Bd1 Rhb8 23. Ne1 Qa3 24.
Nc2 Rb2 25. g5 h5 26. Bxh5 Qb3 27. Rxb2 Qxb2 28. g6 {0-1 (51) Martinez Romero,
M (2435)-Baryshpolets,A (2591) Matanzas 2017}) 22... Rhb8 {Threatens to win
with ...Qa3.} 23. gxh6 gxh6 24. Bd1 {Threatening Ng1.} Rb6 (24... Qa3 $1 $17 {
White must now prevent ...Rb2+.} 25. Bc2 Rxb1 26. Rxb1 Nxc3 $1 27. Qxc3 Qxc3+
28. Kxc3 Ra3+ 29. Bb3 Ba4 {[%mdl 64] Pin}) 25. Bc2 ({But not} 25. Rxb6 Qxb6 26.
Bc2 Qb2 $17) (25. Qxh6 $11 Qxc3+ 26. Ke2) 25... Rab8 $1 $17 26. Rxb6 (26. Ne1
$142) 26... Rxb6 27. Rb1 Rxb1 ({Black should try} 27... Bc6 $1 $19 28. Rg1 (28.
Rxb6 $2 Qxb6 29. Qxh6 Qb2 $19) 28... Qa3) 28. Bxb1 Qa3 29. Bxa2 Qxa2+ 30. Ke1
Qb1+ $1 31. Ke2 Ba4 $36 {[%csl Ga4][%cal Rb1d1][%mdl 2048] Black fights for an
advantage.} 32. Ne1 Qd1+ ({Black should play} 32... Bd1+ $1 $15 33. Kf1 Bc2)
33. Kf1 $11 Bc2 34. f3 Bd3+ 35. Kf2 Kd7 {Strongly threatening ...Kc6.} 36. Kg3
$2 {[%mdl 8192]} (36. Nxd3 $11 Qc2+ 37. Kg3 cxd3 38. Qf4) 36... Kc6 $1 $19 {
[%cal Rc6b5]} 37. Ng2 Qc2 38. Qe1 (38. Qxh6 {keeps fighting.} Qxc3 39. Qe3)
38... Qb2 $1 39. Ne3 Kb5 40. Kg4 {[#] White hopes to continue with Kh5.} Ka4 $1
41. Kh5 Kb3 42. Kxh6 Qxc3 43. Qd1+ Bc2 44. Qc1 {If only White now had time for
h5....} Bg6 45. Qd1+ Kb4 46. Qg1 Kb5 47. h5 Bd3 ({Weaker is} 47... Qxd4 48.
hxg6 fxg6 49. Qb1+ Kc5 50. Nc2 $11) 48. Nd1 Qd2+ 49. Kg7 {[#]} c3 $1 {[%cal
Rc3c2]} 50. Nxc3+ Qxc3 51. h6 Bg6 (51... Qc2 $19 {aiming for ...Bg6.} 52. Kxf7
Bf5) 52. f4 $2 {[%mdl 8192]} (52. h7 $15 Bxh7 53. Kxh7) 52... Qc2 53. Qa1 Kc4
54. Qa7 {intending Qc5+.} Qe4 55. Qa4+ Kc3 56. Qa1+ Kd2 57. Qg1 Ke2 58. Qg4+
Kd2 59. Qg1 Qd3 60. Kg8 Qh3 61. Kg7 Kd3 62. Qf2 Ke4 63. Qd2 (63. Qg1 $142)
63... Qd3 64. Qf2 Qxd4 65. Qh4 Qe3 66. h7 {[#]} Bxh7 $1 {[%mdl 64] Deflection}
67. Qxh7+ Kxf4 {[%mdl 4096] Endgame KQ-KQ} 68. Qh1 Kxe5 69. Kxf7 d4 70. Qh8+
Kf5 71. Qh7+ Kg4 (71... Kg5 $142 72. Qg7+ Kh4 73. Qh8+ Kg4 74. Qg8+ Kf4) 72.
Qg7+ Kf3 {( -> ...Qf4+)} 73. Qh7 Qf4+ {Weighted Error Value: White=0.44/
Black=0.19} 0-1

[Event "EICC 2021"]
[Site "Reykjavik"]
[Date "2021.08.31"]
[Round "6.7"]
[White "Gajewski, Grzegorz"]
[Black "Keymer, Vincent"]
[Result "0-1"]
[WhiteElo "2617"]
[BlackElo "2602"]
[Annotator "TA"]
[PlyCount "120"]
[EventDate "2021.08.26"]
[EventType "swiss"]
[EventCountry "ISL"]
[Tiebreak "Cut1 Buchholz"]
[SourceTitle "playchess.com"]
[Source "ChessBase"]
[SourceQuality "1"]

{[%evp 19,120,0,0,0,0,0,0,0,10,16,16,0,7,12,8,-22,-24,-13,-28,-18,-22,-35,-27,
-107,-104,-106,-118,-104,-107,-120,-116,-112,-111,-131,-138,-122,-110,-110,
-106,-149,-142,-153,-112,-131,-140,-150,-148,-145,-144,-153,-145,-159,-147,
-142,-133,-153,-141,-147,-131,-158,-153,-153,-130,-158,-104,-104,-96,-102,-94,
-133,-85,-82,-60,-60,-57,-56,-68,-157,-162,-163,-133,-272,-266,-262,-248,-235,
-118,-118,-118,-294,-293,-275,-128,-510,-494,-541,-538,-534,-527,-619,-518,
-1320,-992]} 1. d4 Nf6 2. c4 e6 3. Nf3 d5 4. g3 Bb4+ 5. Bd2 Be7 6. Bg2 O-O 7.
O-O c6 8. Qc2 Nbd7 9. Bf4 b6 10. Nbd2 Ba6 11. Rfd1 {E11: Bogo-Indian.} Rc8 12.
Rac1 Nh5 13. Be3 {[#] The position is equal.} h6 $5 $146 {[%mdl 8] An
interesting novelty.} ({Predecessor:} 13... Nhf6 14. Bg5 Bb7 15. Ne5 Nxe5 16.
dxe5 Ng4 17. Bxe7 Qxe7 18. Nf3 f6 19. exf6 Nxf6 {1/2-1/2 (40) Ding,L (2805)
-Alekseenko,K (2698) Ekaterinburg 2020}) 14. Ne5 Nhf6 15. Qa4 Nb8 16. Qb3 c5
17. cxd5 Nxd5 18. dxc5 Nxe3 19. Qxe3 Bxc5 20. Qf3 Bd4 21. Rxc8 (21. Ndc4 $1 $11
) 21... Qxc8 $17 22. Ndc4 Bxe5 23. Nxe5 Qc2 {[%mdl 64] Double Attack} 24. Qb3
Qxb3 ({Much worse is} 24... Qxe2 $6 25. f4 $11) 25. axb3 Bxe2 26. Rc1 Rd8 27.
Bf3 Bxf3 28. Nxf3 {[%mdl 4096] Endgame KRN-KRN} Kh7 29. Rc7 Rd7 30. Rc8 Rb7 31.
Ne5 f6 32. Nd3 Na6 33. Kf1 Rd7 34. Ke2 e5 35. f4 exf4 36. Nxf4 Nb4 37. Kf3 Nd5
38. Ne6 Rd6 39. Nf8+ Kg8 40. Ne6+ Kf7 41. Nd8+ Ke7 (41... Kg6 $142 42. Nc6 Re6)
42. Nc6+ Kd7 43. Nxa7 Ne7 44. Rc3 Rd2 45. h4 Nd5 46. Rc6 Rxb2 47. Ke4 Rd2 48.
h5 {[#]} (48. b4 $15) 48... f5+ $1 49. Ke5 Nf6 {...Rd5+ is the strong threat.}
50. Kxf5 (50. Rxb6 $17 Rd5+ 51. Kf4) 50... Ra2 $19 ({Less strong is} 50... Nxh5
51. Rxb6 Nxg3+ 52. Kg4 $17) 51. Rxb6 {White wants to play Rb7+.} Rxa7 {KRN-KR}
52. Kg6 Kc7 ({Black should try} 52... Nd5 $19 53. Rb8 Ke6 54. Re8+ Kd6 55. Rd8+
Ke5 56. Re8+ Kd4) 53. Re6 $17 Kd8 54. Re3 $2 (54. Re5 $17 {was the only chance.
}) 54... Ne8 $19 55. g4 Rb7 (55... Ra5 $19 {is more deadly.} 56. Kf7 Nf6 57.
Rd3+ Kc7 58. Kxg7 Nxg4) 56. Rd3+ $2 {[%mdl 8192] [#]} (56. g5 $17) 56... Ke7 $1
{Black is clearly winning.} 57. Rf3 {And now Rf7+ would win.} Rb6+ 58. Kh7 Rb4
59. g5 hxg5 {aiming for ...g4.} 60. h6 (60. Kg6 $142 g4 61. Re3+ Kf8 62. Re1)
60... Rh4 {Weighted Error Value: White=0.47/Black=0.11} 0-1